000 00569nam a2200205Ia 4500
005 20250923145220.0
008 008 250917s9999 xx 000 0 eng d
037 _aTextual
040 _aDSWL
_beng
_cDSWL
041 _aeng
_2eng
084 _aY33:5.2, N70
_qDSWL
100 _aBose, Ashish
_9832985
245 0 _aUrbanization in India
_cby Ashish Bose
260 _aBombay
_bAcademic Books Ltd.
_c1970
300 _ax,304p.
365 _aINR
_b65.00
925 _g65.00
942 _cTEXL
_hY33:5.2, N70
999 _c1448550
_d1448550